Statistiken für Die meisten Tastenanschläge - 15 Sekunden Sprint

Klicken Sie hier um das Quiz zu spielen!

Allgemein

  • Dieses Quiz wurde 6.908 mal gespielt
  • Das Durchschnittsergebnis liegt bei 69 aus 160

Antwortstatistiken

Trifft% Korrekt
1
100%
2
97%
3
95%
4
93%
5
92%
6
91%
7
90%
8
89%
9
87%
10
86%
11
86%
12
85%
13
84%
14
84%
15
83%
16
82%
17
81%
18
81%
19
80%
20
79%
21
79%
22
79%
23
78%
24
77%
25
76%
26
76%
27
76%
28
75%
29
74%
30
74%
31
74%
32
73%
33
72%
34
72%
35
71%
36
70%
37
69%
38
69%
39
68%
40
68%
41
67%
42
67%
43
66%
44
65%
45
65%
46
64%
47
64%
48
63%
49
62%
50
62%
51
61%
52
60%
53
60%
54
59%
55
59%
56
58%
57
58%
58
57%
59
57%
60
56%
61
55%
62
55%
63
54%
64
53%
65
52%
66
52%
67
51%
68
51%
69
50%
70
50%
71
49%
72
48%
73
48%
74
47%
75
46%
76
46%
77
45%
78
44%
79
44%
80
43%
81
43%
82
42%
83
42%
84
41%
85
40%
86
39%
87
39%
88
38%
89
37%
90
36%
91
35%
92
34%
93
34%
94
33%
95
32%
96
31%
97
31%
98
30%
99
30%
100
29%
101
28%
102
27%
103
27%
104
26%
105
25%
106
24%
107
24%
108
23%
109
23%
110
22%
111
21%
112
21%
113
20%
114
20%
115
19%
116
19%
117
18%
118
18%
119
17%
120
17%
121
16%
122
16%
123
15%
124
15%
125
14%
126
14%
127
14%
128
13%
129
13%
130
13%
131
12%
132
12%
133
11%
134
11%
135
11%
136
10%
137
9%
138
9%
139
9%
140
8%
141
8%
142
7%
143
7%
144
7%
145
6%
146
6%
147
6%
148
5%
149
5%
150
5%
151
5%
152
5%
153
5%
154
4%
155
4%
156
4%
157
4%
158
4%
159
3%
160
3%

Verteilung der Resultate

Perzentil nach korrekt beantworteten Fragen

Anzahl Personen mit jedem Resultat

Ihre Resultats-Entwicklung

Sie haben dieses Quiz noch nicht gespielt